Statistics for Power Rangers Super Dino Charge

Click here to take the quiz!

General Stats

  • This quiz has been taken 305 times
  • The average score is 8 of 12

Answer Stats

HintAnswer% Correct
Blue RangerKoda
98%
Red RangerTyler
96%
Pink RangerShelby
93%
Black RangerChase
91%
Green RangerRiley
90%
Purple RangerKendall
67%
Defeated Boss VillainSledge
65%
Alien MentorKeeper
57%
Aqua RangerJames
52%
Gold RangerSir Ivan Of Zandar
21%
Graphite RangerPrince Phillip III
16%
New Boss VillainHeckle
11%

Score Distribution

Percentile by Number Answered

Percent of People with Each Score

Your Score History

You have not taken this quiz